Loading...
History - World History | 0 | 9 | 1 | 0 | 85 | 22 | 78.00 | 3 | 6 |
History - Other History | 0 | 7 | 1 | 0 | 65 | 58 | 82.86 | 5 | 6 |
Religion | 0 | 6 | 0 | 1 | 60 | 44 | 80.50 | 1 | 5 |
Social Science | 0 | 6 | 0 | 0 | 60 | 90 | 99.33 | 2 | 3 |
History - American History | 0 | 6 | 1 | 2 | 55 | 53 | 100.83 | 1 | 2 |
Science - Other Science | 0 | 4 | 0 | 0 | 40 | 72 | 92.25 | 2 | 4 |
Other | 0 | 4 | 0 | 1 | 40 | 17 | 78.75 | 2 | 2 |
History - European History | 0 | 4 | 0 | 1 | 40 | 106 | 118.00 | 1 | 2 |
Mythology | 0 | 2 | 0 | 0 | 20 | 90 | 99.00 | 0 | 2 |
Fine Arts - Other Fine Arts | 0 | 2 | 0 | 0 | 20 | 79 | 97.00 | 1 | 2 |
Science - Physics | 0 | 2 | 1 | 0 | 15 | 66 | 77.50 | 2 | 2 |
Fine Arts - Classical Music | 0 | 1 | 0 | 0 | 10 | 133 | 133.00 | 0 | 0 |
Science - Chemistry | 0 | 0 | 1 | 0 | -5 | 0.00 | 0 | 0 |